| 000 | 00893nam a2200229 i 4500 | ||
|---|---|---|---|
| 001 | 114645 | ||
| 003 | ES-MaACL | ||
| 005 | 20250815062535.0 | ||
| 007 | t| | ||
| 008 | 070316s1907 sp ||||1| spa d | ||
| 100 | 1 |
_aReclus, Onésime. _995777 |
|
| 245 | 1 | 0 |
_aNovísima geografía universal / _cOnésimo y Eliseo Reclus ; traducción y prólogo de Vicente Blasco Ibáñez. |
| 260 |
_aMadrid : _bLa Editorial Española-Americana, _c[1907] |
||
| 300 |
_a6 v. : _bil., mapas ; _c22 cm. |
||
| 505 | 0 | _a1. Europa - 2. Asia - 3. África - 4. América del Norte - 5. América Central y del Sur - 6. América del Sur y Oceanía | |
| 596 | _aLa fecha de ed. aparece en los v. 5 y 6. | ||
| 650 | 0 | 7 |
_aGeografía _2embne _913070 |
| 700 | 1 |
_aReclus, Élisée, _d1830-1905 _995775 |
|
| 700 | 1 |
_aBlasco Ibáñez, Vicente, _d1867-1928 _929388 |
|
| 852 |
_aES-MaACL _jB-957-62 |
||
| 999 |
_c114645 _d114645 |
||